000 00455nam a2200169Ia 4500
008 230917s9999||||xx |||||||||||||| ||und||
020 _cRS1495
040 _e242046
_aMAIN
041 _aEnglish
082 _a551 N131C
100 _aNagarajan, R
245 0 _aClimate and natural resources
260 _aNew Delhi
_bCapital Publishing Company
_c2017
300 _ax, 257 p.
500 _a2846 31/08/2017 PBA17/706 01/09/2017 Main Budget
942 _cBK
999 _c23823
_d23823